La llave de plata / (Registro nro. 8526)
[ vista simple ]
| 000 -LEADER | |
|---|---|
| fixed length control field | 00718nam a22002657a 4500 |
| 001 - CONTROL NUMBER | |
| control field | 090 |
| 003 - CONTROL NUMBER IDENTIFIER | |
| control field | DO-SdBNP |
| 005 - DATE AND TIME OF LATEST TRANSACTION | |
| control field | 20180130102501.0 |
| 007 - PHYSICAL DESCRIPTION FIXED FIELD--GENERAL INFORMATION | |
| fixed length control field | 090 |
| 008 - FIXED-LENGTH DATA ELEMENTS--GENERAL INFORMATION | |
| fixed length control field | 151005b1962 sp 00| 0 spa d |
| 020 ## - INTERNATIONAL STANDARD BOOK NUMBER | |
| International Standard Book Number | 8470021664 |
| 040 ## - CATALOGING SOURCE | |
| Original cataloging agency | BPMSU |
| Language of cataloging | spa |
| Transcribing agency | BPMSU |
| 092 ## - LOCALLY ASSIGNED DEWEY CALL NUMBER (OCLC) | |
| Classification number | XXXX |
| Item number | XXXX |
| 100 1# - MAIN ENTRY--PERSONAL NAME | |
| Personal name | Lovecraft, H. P. |
| Fuller form of name | Howard Phillips Lovecraft |
| 245 13 - TITLE STATEMENT | |
| Title | La llave de plata / |
| Statement of responsibility, etc. | H. P. Lovecraft ; traducción José Ma. Roca |
| 260 ## - PUBLICATION, DISTRIBUTION, ETC. (IMPRINT) | |
| Place of publication, distribution, etc. | Barcelona : |
| Name of publisher, distributor, etc. | Litografía Rosés, |
| Date of publication, distribution, etc. | 1962. |
| 300 ## - PHYSICAL DESCRIPTION | |
| Extent | 90 p. |
| Dimensions | 18 cm. |
| 490 1# - SERIES STATEMENT | |
| Series statement | El observador |
| Volume/sequential designation | 55 |
| 700 12 - ADDED ENTRY--PERSONAL NAME | |
| Personal name | Roca, José Ma. |
| Relator term | trad. |
| 830 #0 - SERIES ADDED ENTRY--UNIFORM TITLE | |
| Uniform title | El observador |
| Number of part/section of a work | 55 |
| 910 ## - USER-OPTION DATA (OCLC) | |
| User-option data | 202 |
| 942 ## - ADDED ENTRY ELEMENTS (KOHA) | |
| Source of classification or shelving scheme | Dewey Decimal Classification |
| Koha item type | Libros |
| 945 ## - LOCAL PROCESSING INFORMATION (OCLC) | |
| a | Inventariado, 2018 /LP |
| 956 ## - LOCAL ELECTRONIC LOCATION AND ACCESS (OCLC) | |
| Host name | Yngrid Lockward |
| Access number | 10 |
| Withdrawn status | Lost status | Source of classification or shelving scheme | Damaged status | Not for loan | Collection code | Home library | Current library | Date acquired | Source of acquisition | Total Checkouts | Barcode | Date last seen | Price effective from | Koha item type |
|---|---|---|---|---|---|---|---|---|---|---|---|---|---|---|
| Dewey Decimal Classification | Colección General | Biblioteca Pública Metropolitana Salomé Ureña | Biblioteca Pública Metropolitana Salomé Ureña | 11/03/2015 | FUNDI | BPMSU15110031 | 11/03/2015 | 11/03/2015 | Libros |